| 000 | 00910nam0a22002651 4500 | ||
|---|---|---|---|
| 001 | rc\4892160 | ||
| 005 | 20250613031739.0 | ||
| 021 |
_aRU _b[66-17485] |
||
| 035 | _a(NLR Aleph) 008923327 | ||
| 090 |
_a8838148 _c8838148 |
||
| 100 | _a20130426d1966 |||y0rusy50 ca | ||
| 101 | 0 | _arus | |
| 102 | _aRU | ||
| 105 | _aa z ||||| | ||
| 200 | 1 | _aСовместные одновидовые посевы сельскохозяйственных культур | |
| 210 |
_aМосква _cИзд-во Моск. ун-та _d1966 |
||
| 215 |
_a237 с. _cил. _d21 |
||
| 320 | _aБиблиогр.: с. 231-236 (127 назв.) | ||
| 606 |
_aСельскохозяйственные культуры _xПосев смешанный _2psbo |
||
| 700 | 1 |
_aЮрин _bП.В. _gПетр Васильевич |
|
| 801 | 0 |
_aRU _bNLR _gpsbo |
|
| 801 | 1 |
_aRU _bELAR _2rusmarc |
|
| 852 |
_aNLR _j66-5/1325 |
||
| 942 | _cBOOK | ||
| 980 | _aNB | ||